[Event "ZL-2010-0-00799"]
[Site "LSS email"]
[Date "2010.11.08"]
[Round "?"]
[White "Ballero, Andrea"]
[Black "Slavik, Petr"]
[Result "1-0"]
[WhiteElo "1459"]
[BlackElo "1017"]
[PlyCount "41"]
[EventDate "2010.11.02"]
[EventType "match (corr)"]
[EventRounds "2"]
[EventCountry "GER"]
[SourceTitle "Telechess CBM 143"]
[Source "ChessBase"]
[SourceDate "2011.07.15"]
[SourceVersion "1"]
[SourceVersionDate "2011.07.15"]
[SourceQuality "1"]

1. e4 d6 2. d4 Nf6 3. Nc3 g6 4. f4 Bg7 5. Nf3 c5 6. dxc5 Qa5 7. Bd3 Qxc5 8. Qe2 Qc7 9. e5 dxe5 10. Nb5 Qd8 11. fxe5 Nd5 12. Be4 Nb6 13. Bg5 0-0 14. Rd1 N8d7 15. e6 fxe6 16. Nbd4 Nf6 17. Nxe6 Bxe6 18. Rxd8 Raxd8 19. Bxg6 hxg6 20. Qxe6+ Kh8 21. Ne5 1-0

[Event "ZL-2010-0-00799"]
[Site "LSS email"]
[Date "2010.11.08"]
[Round "?"]
[White "Slavik, Petr"]
[Black "Ballero, Andrea"]
[Result "0-1"]
[WhiteElo "1016"]
[BlackElo "1591"]
[PlyCount "40"]
[EventDate "2010.11.02"]
[EventType "match (corr)"]
[EventRounds "2"]
[EventCountry "GER"]
[SourceTitle "Telechess CBM 147"]
[Source "ChessBase"]
[SourceDate "2012.03.16"]
[SourceVersion "1"]
[SourceVersionDate "2012.03.16"]
[SourceQuality "1"]

1. e4 c5 2. Nf3 e6 3. d4 cxd4 4. Nxd4 Qb6 5. Nb3 Qc7 6. f4 d6 7. Nc3 a6 8. Be3 Be7 9. Qg4 Bf6 10. Bd2 Ne7 11. Bd3 b5 12. a3 Nd7 13. 0-0 Bb7 14. Kh1 0-0 15. Rf3 g6 16. Rg3 Nc5 17. Nxc5 dxc5 18. e5 Bg7 19. Be4 b4 20. axb4 Rad8 0-1

[Event "LSS SF-2010-0-00067"]
[Site "LSS email"]
[Date "2010.08.18"]
[Round "?"]
[White "Slavik, Petr"]
[Black "Pietrzak, Wojciech"]
[Result "0-1"]
[WhiteElo "1005"]
[BlackElo "1084"]
[PlyCount "40"]
[EventDate "2010.07.21"]
[EventType "tourn (corr)"]
[EventRounds "6"]
[EventCountry "GER"]
[SourceTitle "Telechess CBM 145"]
[Source "Chessbase"]
[SourceDate "2011.11.11"]
[SourceVersion "1"]
[SourceVersionDate "2011.11.11"]
[SourceQuality "1"]

1. e4 e5 2. Nf3 Nc6 3. Bb5 a6 4. Ba4 Nf6 5. 0-0 b5 6. Bb3 Be7 7. Re1 0-0 8. a4 Rb8 9. c3 Na5 10. Bc2 d6 11. axb5 Rxb5 12. Bd3 c6 13. Bxb5 cxb5 14. d4 Qc7 15. Nbd2 Rd8 16. d5 Qb6 17. Nf1 Bg4 18. h3 Bh5 19. Ng3 Bg6 20. Nh4 Rf8 0-1

[Event "LSS SF-2010-0-00067"]
[Site "LSS email"]
[Date "2010.08.17"]
[Round "?"]
[White "Reede, Arvo"]
[Black "Slavik, Petr"]
[Result "1-0"]
[WhiteElo "1277"]
[BlackElo "1013"]
[PlyCount "53"]
[EventDate "2010.07.21"]
[EventType "tourn (corr)"]
[EventRounds "6"]
[EventCountry "GER"]
[SourceTitle "Telechess CBM 143"]
[Source "ChessBase"]
[SourceDate "2011.07.15"]
[SourceVersion "1"]
[SourceVersionDate "2011.07.15"]
[SourceQuality "1"]

1. c4 f5 2. Nc3 Nf6 3. Nf3 e6 4. d4 Bb4 5. e3 Bxc3+ 6. bxc3 d6 7. c5 0-0 8. cxd6 cxd6 9. Bd3 Nc6 10. 0-0 e5 11. dxe5 dxe5 12. Bc4+ Kh8 13. Ba3 Qxd1 14. Rfxd1 Re8 15. Bf7 Rd8 16. Rxd8+ Nxd8 17. Nxe5 Nxf7 18. Nxf7+ Kg8 19. Ne5 Be6 20. Bb2 Rc8 21. Rd1 Ne4 22. c4 Bxc4 23. Nxc4 Rxc4 24. Rd7 Rc2 25. Rxg7+ Kh8 26. Rxb7+ Kg8 27. f3 1-0

[Event "ZL-2010-0-00757"]
[Site "LSS email"]
[Date "2010.08.16"]
[Round "?"]
[White "Laureles, Raymundo"]
[Black "Slavik, Petr"]
[Result "0-1"]
[WhiteElo "1100"]
[BlackElo "1017"]
[PlyCount "72"]
[EventDate "2010.08.12"]
[EventType "match (corr)"]
[EventRounds "2"]
[EventCountry "GER"]
[SourceTitle "Telechess CBM 143"]
[Source "ChessBase"]
[SourceDate "2011.07.15"]
[SourceVersion "1"]
[SourceVersionDate "2011.07.15"]
[SourceQuality "1"]

1. e4 d6 2. d4 Nf6 3. Nc3 g6 4. Nf3 Bg7 5. Bg5 0-0 6. Qd2 Re8 7. 0-0-0 c6 8. Bc4 b5 9. Bd3 a5 10. h3 a4 11. e5 dxe5 12. dxe5 Nfd7 13. Bh6 Nxe5 14. Nxe5 Bxe5 15. f4 Bg7 16. Bxg7 Kxg7 17. g4 b4 18. Ne4 Qb6 19. Bc4 Ba6 20. Bxa6 Nxa6 21. f5 b3 22. axb3 axb3 23. Qc3+ Kg8 24. cxb3 Nb4 25. Kd2 Red8+ 26. Ke2 Nd5 27. Qf3 Ra2 28. fxg6 Rxb2+ 29. Ke1 hxg6 30. Rf1 Rf8 31. h4 Qe3+ 32. Qxe3 Nxe3 33. Rd2 Rxd2 34. Nxd2 Nxf1 35. Nxf1 Rb8 36. Nd2 Rb4 0-1

[Event "LSS SF-2010-0-00067"]
[Site "LSS email"]
[Date "2010.08.15"]
[Round "?"]
[White "Pehl, Ferenc"]
[Black "Slavik, Petr"]
[Result "1/2-1/2"]
[WhiteElo "876"]
[BlackElo "1018"]
[PlyCount "45"]
[EventDate "2010.07.21"]
[EventType "tourn (corr)"]
[EventRounds "6"]
[EventCountry "GER"]
[SourceTitle "Telechess CBM 143"]
[Source "ChessBase"]
[SourceDate "2011.07.15"]
[SourceVersion "1"]
[SourceVersionDate "2011.07.15"]
[SourceQuality "1"]

1. e4 d6 2. d4 Nf6 3. Nc3 g6 4. h3 Bg7 5. Nf3 0-0 6. Bc4 Nxe4 7. Nxe4 d5 8. Bxd5 Qxd5 9. Nc3 Qd8 10. 0-0 c6 11. Be3 Bf5 12. Rc1 Nd7 13. Re1 Nf6 14. Ne5 Nd7 15. Nxd7 Qxd7 16. Ne2 Rad8 17. c3 e5 18. dxe5 Bxe5 19. Qxd7 Rxd7 20. Nd4 Bxd4 21. Bxd4 Be6 22. a3 b6 23. Be3 1/2-1/2

[Event "LSS BI-2010-P-00010"]
[Site "LSS email"]
[Date "2010.04.19"]
[Round "?"]
[White "Hernandez Sanchez, Agustin Hector"]
[Black "Slavik, Petr"]
[Result "0-1"]
[WhiteElo "768"]
[BlackElo "1024"]
[PlyCount "58"]
[EventDate "2010.04.22"]
[EventType "tourn (corr)"]
[EventRounds "10"]
[EventCountry "GER"]
[SourceTitle "Telechess CBM 141"]
[Source "ChessBase"]
[SourceDate "2011.03.17"]
[SourceVersion "1"]
[SourceVersionDate "2011.03.17"]
[SourceQuality "1"]

1. e4 c5 2. Nf3 d6 3. Bc4 e6 4. 0-0 Nf6 5. Nc3 Be7 6. d4 cxd4 7. Nxd4 0-0 8. Bg5 Nc6 9. Nxc6 bxc6 10. Ne2 Nxe4 11. Bd3 Nxg5 12. Re1 e5 13. Ng3 Rb8 14. b3 Bf6 15. Qf3 e4 16. Qd1 Bxa1 17. Qxa1 exd3 18. cxd3 Re8 19. Rc1 c5 20. Nh5 f6 21. h3 Qe7 22. Ng3 Qe5 23. Qb1 Ba6 24. Ne4 Nxe4 25. dxe4 Qxe4 26. Qb2 Bb7 27. f3 Qe2 28. Qc3 Qe3+ 29. Qxe3 Rxe3 0-1

[Event "LSS SF-2010-0-00048"]
[Site "LSS email"]
[Date "2010.03.08"]
[Round "?"]
[White "Nolf, Francky"]
[Black "Slavik, Petr"]
[Result "1/2-1/2"]
[WhiteElo "1011"]
[BlackElo "1023"]
[PlyCount "52"]
[EventDate "2010.01.30"]
[EventType "tourn (corr)"]
[EventRounds "6"]
[EventCountry "GER"]
[SourceTitle "Telechess CBM 141"]
[Source "ChessBase"]
[SourceDate "2011.03.17"]
[SourceVersion "1"]
[SourceVersionDate "2011.03.17"]
[SourceQuality "1"]

1. d4 f5 2. Nf3 Nf6 3. e3 e6 4. Bd3 c5 5. b3 d5 6. Bb2 Be7 7. 0-0 0-0 8. Ne5 Nc6 9. f4 Bd7 10. Qf3 Qe8 11. Nd2 Ne4 12. Bxe4 fxe4 13. Qg3 Nxe5 14. fxe5 Qh5 15. Rxf8+ Rxf8 16. Qe1 Bb5 17. c4 Bd7 18. Ba3 Bh4 19. g3 Be7 20. Qd1 Qf7 21. Qe2 cxd4 22. Bxe7 d3 23. Qg2 Qxe7 24. Rf1 Be8 25. Rxf8+ Qxf8 26. Qf2 Qxf2+ 1/2-1/2

[Event "LSS CP-2009-P-00061"]
[Site "LSS email"]
[Date "2009.09.27"]
[Round "?"]
[White "Gomez Galan Arense, Joaquin"]
[Black "Slavik, Petr"]
[Result "1/2-1/2"]
[WhiteElo "2348"]
[BlackElo "1069"]
[PlyCount "36"]
[EventDate "2009.10.01"]
[EventType "tourn (corr)"]
[EventRounds "6"]
[EventCountry "GER"]
[SourceTitle "Telechess CBM 137"]
[Source "ChessBase"]
[SourceDate "2010.07.15"]
[SourceVersion "1"]
[SourceVersionDate "2010.07.15"]
[SourceQuality "1"]

1. e4 c5 2. Nf3 d6 3. d4 cxd4 4. Nxd4 Nf6 5. Nc3 g6 6. Bd3 Bg7 7. Be3 0-0 8. 0-0 Nc6 9. h3 d5 10. exd5 Nxd5 11. Nxd5 Qxd5 12. Nxc6 Qxc6 13. c3 a6 14. Qc1 b5 15. Bh6 Bb7 16. f3 Rad8 17. Bxg7 Kxg7 18. Bc2 Qc5+ 1/2-1/2

[Event "LSS CP-2009-P-00061"]
[Site "LSS email"]
[Date "2009.09.27"]
[Round "?"]
[White "Slavik, Petr"]
[Black "Koch, Christian"]
[Result "0-1"]
[WhiteElo "1059"]
[BlackElo "2173"]
[PlyCount "42"]
[EventDate "2009.10.01"]
[EventType "tourn (corr)"]
[EventRounds "6"]
[EventCountry "GER"]
[SourceTitle "Telechess CBM 137"]
[Source "ChessBase"]
[SourceDate "2010.07.15"]
[SourceVersion "1"]
[SourceVersionDate "2010.07.15"]
[SourceQuality "1"]

1. e4 c5 2. f4 d5 3. exd5 Nf6 4. Bb5+ Bd7 5. Bxd7+ Qxd7 6. c4 e6 7. Qe2 Bd6 8. d3 0-0 9. dxe6 fxe6 10. Nf3 Nc6 11. 0-0 e5 12. f5 Rae8 13. Nc3 Nd4 14. Qd1 Nxf5 15. Bg5 Nh5 16. Nd5 Nf4 17. Bxf4 exf4 18. Re1 Ne3 19. Nxe3 fxe3 20. Re2 Qg4 21. Qe1 Rxf3 0-1

[Event "LSS OP-2008-0-00704"]
[Site "LSS email"]
[Date "2008.12.25"]
[Round "?"]
[White "Roegiers, Ludo"]
[Black "Slavik, Petr"]
[Result "1-0"]
[WhiteElo "1171"]
[BlackElo "1016"]
[PlyCount "27"]
[EventDate "2008.12.23"]
[EventType "tourn (corr)"]
[EventRounds "4"]
[EventCountry "GER"]
[SourceTitle "Corr 2013"]
[Source "ChessBase"]
[SourceDate "2012.11.12"]
[SourceVersion "1"]
[SourceVersionDate "2012.11.12"]
[SourceQuality "1"]

1. d4 f5 2. g3 Nf6 3. Bg2 g6 4. Nf3 Bg7 5. 0-0 0-0 6. c4 d6 7. Nc3 Qe8 8. d5 Na6 9. Re1 Nc5 10. Rb1 e5 11. b4 Nce4 12. Qc2 Nxc3 13. Qxc3 Ng4 14. Bb2 1-0

[Event "LSS OP-2008-0-00670"]
[Site "LSS email"]
[Date "2008.11.02"]
[Round "?"]
[White "Baer, Werner"]
[Black "Slavik, Petr"]
[Result "1-0"]
[WhiteElo "1967"]
[BlackElo "1016"]
[PlyCount "33"]
[EventDate "2008.11.01"]
[EventType "tourn (corr)"]
[EventRounds "4"]
[EventCountry "GER"]
[SourceTitle "Corr 2013"]
[Source "ChessBase"]
[SourceDate "2012.11.12"]
[SourceVersion "1"]
[SourceVersionDate "2012.11.12"]
[SourceQuality "1"]

1. d4 Nf6 2. Nf3 g6 3. c4 Bg7 4. Nc3 d5 5. cxd5 Nxd5 6. e4 Nxc3 7. bxc3 Bg4 8. Rb1 c5 9. Rxb7 cxd4 10. Bb5+ Kf8 11. Bf4 Nd7 12. cxd4 Nb6 13. 0-0 Bxf3 14. Qxf3 Qxd4 15. Rd1 Qb4 16. Bd6 Bf6 17. Qxf6 1-0

[Event "LSS OP-2008-0-00670"]
[Site "LSS email"]
[Date "2008.11.02"]
[Round "?"]
[White "Slavik, Petr"]
[Black "Visser, Bob"]
[Result "0-1"]
[WhiteElo "1114"]
[BlackElo "1379"]
[PlyCount "70"]
[EventDate "2008.11.01"]
[EventType "tourn (corr)"]
[EventRounds "4"]
[EventCountry "GER"]
[SourceTitle "Corr 2011"]
[Source "ChessBase"]
[SourceDate "2010.08.31"]
[SourceVersion "1"]
[SourceVersionDate "2010.08.31"]
[SourceQuality "1"]

1. d4 Nf6 2. c4 g6 3. Nc3 d5 4. cxd5 Nxd5 5. e4 Nxc3 6. bxc3 Bg7 7. Be3 0-0 8. Qd2 c5 9. Nf3 Qa5 10. Be2 Nc6 11. 0-0 cxd4 12. cxd4 Qxd2 13. Bxd2 Nxd4 14. Nxd4 Bxd4 15. Rab1 b6 16. Bb4 Be6 17. a3 Bf6 18. Bf3 Rac8 19. Be2 Bc4 20. Bxc4 Rxc4 21. Rfe1 a5 22. Bd2 Bd4 23. Bg5 f6 24. Bf4 e5 25. Be3 Bxe3 26. Rxe3 Rfc8 27. g3 Rc1+ 28. Rxc1 Rxc1+ 29. Kg2 Rb1 30. Rc3 b5 31. Rc5 Kf7 32. Rc7+ Ke6 33. Rxh7 Rb3 34. Rb7 Kd6 35. Rf7 Rxa3 0-1

[Event "CFriend CP-2005-P-00009"]
[Site "Chessfriend.com"]
[Date "2005.10.01"]
[Round "1"]
[White "Maset, Antonio Roberto"]
[Black "Slavik, Petr"]
[Result "1-0"]
[WhiteElo "1934"]
[BlackElo "1092"]
[PlyCount "59"]
[EventDate "2005.??.??"]
[EventType "tourn (corr)"]
[EventRounds "4"]
[SourceTitle "Corr 2008"]
[Source "ChessBase"]
[SourceDate "2008.06.24"]
[SourceVersion "1"]
[SourceVersionDate "2008.06.24"]
[SourceQuality "1"]

1. e4 Nf6 2. e5 Nd5 3. d4 d6 4. c4 Nb6 5. Nf3 Nc6 6. e6 fxe6 7. Ng5 e5 8. d5 Nd4 9. Bd3 g6 10. Nxh7 Bf5 11. Nxf8 Rxf8 12. Be3 Bxd3 13. Qxd3 Nf5 14. Bg5 Qd7 15. g4 Nd4 16. Qxg6+ Rf7 17. Be3 Nxc4 18. Nc3 Nf3+ 19. Ke2 Nd4+ 20. Kd1 Nxb2+ 21. Kc1 Nc4 22. Bh6 0-0-0 23. Qxf7 Qxg4 24. h3 Qg2 25. Re1 Qxh3 26. Be3 Na3 27. Qxe7 Qf5 28. Ne4 Qxe4 29. Qxd8+ Kxd8 30. Bg5+ 1-0

[Event "CFriend SL-2005-0-00028 email"]
[Site "Chessfriend.com"]
[Date "2005.02.03"]
[Round "1"]
[White "Popp, Tony"]
[Black "Slavik, Petr"]
[Result "0-1"]
[WhiteElo "930"]
[BlackElo "1092"]
[PlyCount "74"]
[EventDate "2005.??.??"]
[EventType "tourn (corr)"]
[EventRounds "12"]
[SourceTitle "Corr 2008"]
[Source "ChessBase"]
[SourceDate "2008.06.24"]
[SourceVersion "1"]
[SourceVersionDate "2008.06.24"]
[SourceQuality "1"]

1. a3 e5 2. c4 d6 3. Nc3 Nc6 4. e3 f5 5. f4 Nf6 6. Be2 Be6 7. d4 Bf7 8. Nh3 Be7 9. Nf2 0-0 10. 0-0 e4 11. g4 g6 12. g5 Nd7 13. h4 Nb6 14. b3 d5 15. c5 Nc8 16. b4 a6 17. Bb2 Re8 18. h5 Bf8 19. hxg6 Bxg6 20. Bh5 Bxh5 21. Qxh5 N8e7 22. Kg2 Ng6 23. Ne2 Qd7 24. Rh1 Re7 25. Rh2 b5 26. Qh3 a5 27. bxa5 Nxa5 28. Bc3 Nc4 29. Bb4 c6 30. Nd1 Qc8 31. Ndc3 Ra6 32. a4 bxa4 33. Rxa4 Rxa4 34. Nxa4 Qa6 35. Nec3 Rb7 36. Kh1 Nxe3 37. Rb2 Ng4 0-1

[Event "CFriend SL-2005-0-00028 email"]
[Site "Chessfriend.com"]
[Date "2005.02.03"]
[Round "1"]
[White "Slavik, Petr"]
[Black "Vio, Mauro"]
[Result "0-1"]
[WhiteElo "1092"]
[BlackElo "1211"]
[PlyCount "68"]
[EventDate "2005.??.??"]
[EventType "tourn (corr)"]
[EventRounds "12"]
[SourceTitle "Corr 2008"]
[Source "ChessBase"]
[SourceDate "2008.06.24"]
[SourceVersion "1"]
[SourceVersionDate "2008.06.24"]
[SourceQuality "1"]

1. e4 e5 2. f4 d6 3. Nf3 Bg4 4. Bc4 Nf6 5. Nc3 exf4 6. d4 g5 7. 0-0 Nfd7 8. Qd3 Nc6 9. Nd5 Bxf3 10. Rxf3 Bg7 11. c3 Na5 12. Bd2 c6 13. Nb4 Nxc4 14. Qxc4 Qe7 15. Re1 Nb6 16. Qd3 Qd7 17. Qe2 0-0-0 18. a4 Rde8 19. a5 Nd5 20. Nxd5 cxd5 21. Qd3 dxe4 22. Rxe4 Rxe4 23. Qxe4 a6 24. c4 Qc6 25. Qxc6+ bxc6 26. Bc3 d5 27. c5 Re8 28. Kf2 Re4 29. Rd3 g4 30. b4 Bf6 31. g3 f3 32. Kf1 h5 33. Kf2 Re2+ 34. Kg1 h4 0-1

[Event "CFriend SL-2004-0-00023 email"]
[Site "Chessfriend.com"]
[Date "2004.10.16"]
[Round "1"]
[White "Slavik, Petr"]
[Black "Wurm, Tamas"]
[Result "1-0"]
[WhiteElo "1092"]
[BlackElo "1036"]
[PlyCount "97"]
[EventDate "2004.??.??"]
[EventType "tourn (corr)"]
[EventRounds "6"]
[SourceTitle "Corr 2008"]
[Source "ChessBase"]
[SourceDate "2008.06.24"]
[SourceVersion "1"]
[SourceVersionDate "2008.06.24"]
[SourceQuality "1"]

1. e4 e5 2. Nf3 Nc6 3. Bb5 a6 4. Ba4 Nf6 5. 0-0 Be7 6. Re1 b5 7. Bb3 0-0 8. h3 d6 9. c3 Nb8 10. d4 Nbd7 11. Nbd2 Bb7 12. Bc2 Re8 13. Nf1 Bf8 14. Ng3 g6 15. a4 c5 16. d5 c4 17. Bg5 h6 18. Be3 Nc5 19. Qd2 Kh7 20. Nh2 Bg7 21. Rf1 Nxa4 22. Bxa4 bxa4 23. Rxa4 a5 24. Rfa1 Nd7 25. Rxc4 Nb6 26. Bxb6 Qxb6 27. Rca4 Reb8 28. Nf3 Bc8 29. b4 Bd7 30. Rxa5 Rxa5 31. Rxa5 Bf6 32. Qa2 Rc8 33. Qb3 Qc7 34. Ra3 Bb5 35. Qc2 Qb6 36. Nd2 Bh4 37. Ndf1 Qc7 38. Ne2 Qb6 39. Ne3 Bg5 40. Nd1 Bc4 41. Nb2 Qb5 42. Ra5 Qb6 43. Nxc4 Rxc4 44. Qa4 Rxe4 45. Qe8 Rxe2 46. Qxf7+ Kh8 47. Ra8+ Bd8 48. Qf8+ Kh7 49. Rxd8 1-0

[Event "IECG TE.2004.P.01412 email"]
[Site "IECG email"]
[Date "2004.03.17"]
[Round "1"]
[White "Korchut, Adam"]
[Black "Slavik, Petr"]
[Result "1-0"]
[WhiteElo "2065"]
[BlackElo "1012"]
[PlyCount "55"]
[EventDate "2004.03.17"]
[EventType "tourn (corr)"]
[EventRounds "12"]
[SourceTitle "Corr 2024"]
[Source "ChessBase"]
[SourceDate "2023.10.19"]
[SourceVersion "1"]
[SourceVersionDate "2023.10.19"]
[SourceQuality "1"]

1. d4 Nf6 2. c4 e6 3. Nc3 Bb4 4. f3 d5 5. a3 Be7 6. e4 dxe4 7. fxe4 e5 8. Nf3 exd4 9. Qxd4 0-0 10. Qxd8 Rxd8 11. e5 Nfd7 12. Nd5 Nc6 13. b4 Bf8 14. Nxc7 Rb8 15. Bg5 f6 16. exf6 Nxf6 17. Nd5 Re8+ 18. Be2 Re6 19. Rd1 Ne4 20. Bf4 Bd6 21. b5 Ne5 22. Nxe5 Bxe5 23. 0-0 Bxf4 24. Rxf4 Nd6 25. Nc7 Re4 26. Rxe4 Nxe4 27. Rd8+ Kf7 28. Bg4 1-0

[Event "IECG TE.2004.P.01412 email"]
[Site "IECG email"]
[Date "2004.03.17"]
[Round "2"]
[White "Kurpnieks, Vairis"]
[Black "Slavik, Petr"]
[Result "1-0"]
[WhiteElo "1827"]
[BlackElo "1012"]
[PlyCount "55"]
[EventDate "2004.03.17"]
[EventType "tourn (corr)"]
[EventRounds "12"]
[SourceTitle "Corr 2024"]
[Source "ChessBase"]
[SourceDate "2023.10.19"]
[SourceVersion "1"]
[SourceVersionDate "2023.10.19"]
[SourceQuality "1"]

1. d4 Nf6 2. c4 e6 3. Nc3 Bb4 4. f3 c5 5. a3 Bxc3+ 6. bxc3 d5 7. e3 Nc6 8. Bd3 0-0 9. Ne2 Qc7 10. 0-0 dxc4 11. Bxc4 Rd8 12. Qc2 Na5 13. Ba2 b6 14. Qd3 Nc6 15. Ng3 Bb7 16. Bb2 Rac8 17. Rac1 a6 18. f4 Na7 19. c4 cxd4 20. exd4 Nc6 21. Bb1 Nb8 22. d5 Nbd7 23. Nh5 Kf8 24. Nxg7 Kxg7 25. dxe6 Nf8 26. Qg3+ Ng6 27. Qc3 Qe7 28. f5 1-0

[Event "IECG RF.2002.0.00007"]
[Site "IECG email"]
[Date "2002.11.14"]
[Round "?"]
[White "Borges Netto, Alexandre V"]
[Black "Slavik, Petr"]
[Result "1/2-1/2"]
[WhiteElo "1157"]
[BlackElo "918"]
[PlyCount "62"]
[EventDate "2002.11.14"]
[EventType "tourn (corr)"]
[EventRounds "6"]
[SourceTitle "Corr 2024"]
[Source "ChessBase"]
[SourceDate "2023.10.19"]
[SourceVersion "1"]
[SourceVersionDate "2023.10.19"]
[SourceQuality "1"]

1. e4 e5 2. Nf3 Nc6 3. Bb5 a6 4. Ba4 Nf6 5. 0-0 Be7 6. Re1 b5 7. Bb3 0-0 8. a4 Bb7 9. d3 d6 10. Nbd2 Na5 11. Ba2 c5 12. Nf1 Nd7 13. Ne3 Nb6 14. Bd2 b4 15. Nf5 Bf6 16. c3 bxc3 17. Bxc3 Nc6 18. Nd2 Rb8 19. a5 Nc8 20. Qg4 Kh8 21. Bc4 N8e7 22. Nxe7 Qxe7 23. b3 Nd4 24. Qd1 Bh4 25. g3 Bg5 26. Bxd4 cxd4 27. Nf3 Bh6 28. Nh4 g6 29. Ng2 f5 30. f3 f4 31. g4 Bg7 1/2-1/2